000 00370pab a2200145 454500
008 180718b1984 xxu||||| |||| 00| 0 eng d
100 _aDeshpande, S.A.
245 _aIntrinsic cost of urbanisation
260 _c1984
300 _a127-9
362 _aOct.
650 _aCities And Towns
773 _aSPA Journal of School of Planning And Architechture
909 _a5346
999 _c5346
_d5346